书目信息 |
| 题名: |
数据结构
|
|
| 作者: | 曹春萍 主编 ;新世纪应用型高等教育教材编审委员会 组编 | |
| 分册: | ||
| 出版信息: | 大连 大连理工大学出版社 2019重印 |
|
| 页数: | 244页 | |
| 开本: | 26cm | |
| 丛书名: | 新世纪应用型高等教育计算机类课程规划教材 | |
| 单 册: | ||
| 中图分类: | TP311.12-43 | |
| 科图分类: | 73.9611 | |
| 主题词: | 数据结构--Shu Ju Jie Gou--高等学校--教材 | |
| 电子资源: | ||
| ISBN: | 978-7-5611-5874-6 | |
| 000 | 01069nam 2200277 45 | |
| 001 | 012001000475 | |
| 005 | 20140106101034.0 | |
| 010 | @a978-7-5611-5874-6@dCNY35.00 | |
| 099 | @aCAL 012011052031 | |
| 100 | @a20110401d2010 em y0chiy50 ea | |
| 101 | 0 | @achi |
| 102 | @aCN@b210000 | |
| 105 | @aak z 000yy | |
| 106 | @ar | |
| 200 | 1 | @a数据结构@AShu Ju Jie Gou@f新世纪应用型高等教育教材编审委员会组编@g主编曹春萍 |
| 210 | @a大连@c大连理工大学出版社@d2019重印 | |
| 215 | @a244页@c图@d26cm | |
| 225 | 2 | @a新世纪应用型高等教育计算机类课程规划教材@AXin Shi Ji Ying Yong Xing Gao Deng Jiao Yu Ji Suan Ji Lei Ke Cheng Gui Hua Jiao Cai |
| 410 | 0 | @12001@a新世纪应用型高等教育计算机类课程规划教材 |
| 606 | 0 | @a数据结构@AShu Ju Jie Gou@x高等学校@j教材 |
| 690 | @aTP311.12-43@v4 | |
| 692 | @a73.9611@v3 | |
| 701 | 0 | @a曹春萍@ACao Chun Ping@4主编 |
| 712 | 02 | @a新世纪应用型高等教育教材编审委员会@AXin Shi Ji Ying Yong Xing Gao Deng Jiao Yu Jiao Cai Bian Shen Wei Yuan Hui@4组编 |
| 801 | 0 | @aCN@b北京卓展文化@c20191020 |
| 905 | @b1200492-5@dTP311.12-43@e1360@f4 | |
| 数据结构/新世纪应用型高等教育教材编审委员会组编/主编曹春萍.-大连:大连理工大学出版社,2019重印 |
| 244页:图;26cm.-(新世纪应用型高等教育计算机类课程规划教材) |
| ISBN 978-7-5611-5874-6:CNY35.00 |
| ● |
| 相关链接 |
|
|
|
|
正题名:数据结构
索取号:TP311.12-43/1360
 
预约/预借
| 序号 | 登录号 | 条形码 | 馆藏地/架位号 | 状态 | 备注 |
| 1 | 1200492 | 212004926 | 第二样本阅览室/ [索取号:TP311.12-43/1360] | 在馆 | |
| 2 | 1200493 | 212004935 | 第三借阅区/ [索取号:TP311.12-43/1360] | 在馆 | |
| 3 | 1200494 | 212004944 | 第三借阅区/ [索取号:TP311.12-43/1360] | 在馆 | |
| 4 | 1200495 | 212004953 | 第三借阅区/ [索取号:TP311.12-43/1360] | 在馆 |